000 00561nam a22001577a 4500
005 20260205152635.0
008 260205b |||||||| |||| 00| 0 eng d
020 _a978-178583332-8
100 _aMCCREA, EMMA
245 _aMAKING EVERY MATHS LESSON COUNT
_bSIX PRINCIPLES TO SUPPORT GREAT MATHS TEACHING
260 _aWALES
_bCROWN HOUSE PUBLISHING
_c2019
300 _aVII, 172P.
500 _aINCLUDES BIBLIOGRAPHICAL REFERENCES
650 _a1 MATHEMATICS -STUDY AND TEACHING 2. MATHEMATICS TEACHERS - TRAINING OF 3. EFFECTICE TEACHING
942 _2lcc
_cBK
999 _c216562
_d216562